| 000 | 00873nam a22001937a 4500 | ||
|---|---|---|---|
| 005 | 20140516170816.0 | ||
| 008 | 031203s1996 ck a zf 00010 spa d | ||
| 041 | 0 | _aspa | |
| 044 | _ack | ||
| 082 | 0 | 4 |
_a327.17 _bD62m |
| 110 | 1 |
_aColombia. _bDepartamento Administrativo de Planeación y Servicios Técnicos. _bDivisión Especial de Cooperación Técnica Internacional. _924127 |
|
| 245 | 1 | 0 |
_aManual metodológico para la presentación de proyectos de cooperación técnica internacional : _bversión definitiva (marzo 4, 1996) / _cDepartamento Nacional de Planeación. |
| 260 |
_aBogotá _bDNP, _c1996. |
||
| 300 |
_ax, 39 p. : _bil. ; _c27 cm. |
||
| 650 |
_aProyectos de inversión _x Metodología _v Manuales. _924128 |
||
| 650 | 6 |
_aEvaluación de proyectos _x Metodología _v Manuales. _924129 |
|
| 650 | 6 |
_aAsistencia técnica _v Manuales. _924130 |
|
| 942 |
_2ddc _cImpreso |
||
| 999 |
_c8438 _d8438 |
||